| 000 | 00720nam a2200229 i 4500 | ||
|---|---|---|---|
| 001 | 168216 | ||
| 003 | ES-MaACL | ||
| 005 | 20250717013110.0 | ||
| 008 | 051005s1903 fr | |||||||| ||fre d | ||
| 040 |
_aCAM _bspa _cCAM |
||
| 100 | 1 |
_aZola, Émile, _d1840-1902 _9118331 |
|
| 245 | 1 | 0 |
_aVérité / _cpar Émile Zola. |
| 260 |
_aParis : _bEugène Fasquelle, _c1903. |
||
| 300 |
_a749 p. ; _c18 cm. |
||
| 490 | 1 | _aBibliothèque Charpentier | |
| 490 | 1 | _aLes Quatre Évangiles | |
| 500 | _aEn port.: Dix-Septiéme Mille. | ||
| 830 | 0 | 0 |
_aBibliothèque Charpentier _9182245 |
| 830 | 0 |
_aLes Quatre Évangiles _9222700 |
|
| 852 |
_aES-MaACL _jB-3218 _z-- Enc. pasta española |
||
| 999 |
_c168216 _d168216 |
||